000 00470nam a2200169 i 4500
001 95409
003 ES-MaACL
005 20230906181711.0
007 t|
008 050527s1972 sp ||||1| spa d
100 1 _aLlaugé Dausá, Félix.
_972729
245 1 0 _aAstronáutica soviética /
_cFélix Llaugé Dausá.
250 _a[1ª ed.].
260 _aBarcelona :
_bZeus,
_c1972.
300 _a257 p., 6 h., 4 lám. ;
_c19 cm.
852 _aES-MaACL
_jC-41200
_bR.80737
999 _c95409
_d95409